Fictional Charcters A-Z - Statistics

General Stats
  • This quiz has been taken 121 times
  • The average score is 8 of 26
Answer Stats
Letter Hint Answer % Correct
A Headmaster of Hogwarts Albus Dumbledore
88%
I Archeologist portrayed by Harrison Ford Indiana Jones
77%
C Professor X Charles Xavier
62%
W Main Villain in the Wizard of Oz Wicked Witch of the West
60%
K Co-Winner of the 74th Annual Hunger Games Katniss Everdeen
59%
O "Please sir. Can I have some more." Oliver
54%
T Prince of Asgard Thor
54%
N Psycho Norman Bates
49%
R The Harry Potter character played by Robbie Coltrane Rubeus Hagrid
43%
B "Bite my shiny metal ass" Bender 'Bending' Rodriguez
42%
U Father of Prince Arthur Uther Pendragon
30%
H Lawyer with a split personality disorder, who decides with the toss of a coin. Harvey 'Two-Face' Dent
29%
E 1.21 Gigawatts Emmet Brown
28%
D Has a dog called Gnasher Dennis the Menace
27%
S The true identity of the Invisible Woman Susan Storm
20%
M More commonly known as Morgana Morgan Le Fay
12%
G Main character in Half-life Gordon Freeman
10%
J Main Female from the 1st Resident Evil games Jill Valentine
7%
Y The King of Card Games Yugi Motou
5%
L Wife of Douglas Quaid in Total Recall Lori Quaid
4%
Z WWE Broski Zack Ryder
4%
F Hates Stairs, likes killing zombies Francis
3%
V Fake name of the Abzorbaloff Victor Kennedy
3%
P Played by Tim McInnery in Blackadder seasons 1 and 2 Percy Percy
2%
Q The 8th&1/2 President of the United States Quentin Trembley
2%
X Superhero name of Rooster Teeth employee, Ray Narvaez Jnr X-Ray
1%
No matching quizzes found
Score Distribution
Percent of People with Each Score
Percentile by Number Answered
Your Score History
You have not taken this quiz